| 000 | 00676nam a2200193 a 4500 | ||
|---|---|---|---|
| 003 | 0 | ||
| 005 | 20250303141456.0 | ||
| 008 | 120723s19uu xx 00 eng d | ||
| 050 |
_aPGS LB 1065.S57 _b.H991 2012 |
||
| 100 | _aHwang, Ji Woo. | ||
| 245 |
_aGrade level and extent of study habits / _cHwang Ji Woo. |
||
| 260 |
_aLas PiƱas City, Philippines : _bSouthville International School and Colleges, _c2012. |
||
| 300 |
_a16 pages : _billustrations ; _c28 cm. |
||
| 504 | _aIncludes bibliographical references. | ||
| 650 |
_aStudy habits _vElementary students. |
||
| 650 |
_aStudy skills _vGrade school. |
||
| 650 |
_aStudents _vLearning strategies. |
||
| 942 |
_2lcc _cPASS |
||
| 999 |
_c98802 _d98802 |
||